| Tag |
First Indicator |
Second Indicator |
Subfields |
| LEADER |
00000nam a2200000 4500 |
| 001 |
in00004187321 |
| 005 |
20200806082638.0 |
| 006 |
m g d |
| 007 |
cr bn |||a|bb| |
| 008 |
981214s1699 enk o 00 eng d |
| 035 |
|
|
|a (UnM)99888663
|
| 037 |
|
|
|a CL2105000002
|b ProQuest Information and Learning. 300 N. Zeeb Rd., Ann Arbor, MI 48106
|
| 040 |
|
|
|a Cu-RivES
|c Cu-RivES
|e dcrb
|
| 110 |
2 |
|
|a Royal Hospital for Seamen at Greenwich.
|
| 245 |
1 |
4 |
|a The names of the lords, and other the commissioners, of Greenwich-Hospital..
|
| 260 |
|
|
|a [London :
|b publisher not identified,
|c 1699]
|
| 300 |
|
|
|a 1 online resource (4 pages)
|
| 336 |
|
|
|a text
|b txt
|2 rdacontent
|
| 337 |
|
|
|a computer
|b c
|2 rdamedia
|
| 338 |
|
|
|a online resource
|b cr
|2 rdacarrier
|
| 500 |
|
|
|a Caption title.
|
| 500 |
|
|
|a Imprint from Wing.
|
| 500 |
|
|
|a Printed columns.
|
| 500 |
|
|
|a Wing has "for" Greenwich-Hospital in title instead of "of".
|
| 500 |
|
|
|a Reproduction of original in the British Library.
|
| 510 |
4 |
|
|a Wing (CD-ROM, 1996)
|c N139aA
|
| 510 |
4 |
|
|a Early English books tract supplement interim guide
|c 777.l.1.[77]
|
| 533 |
|
|
|a Electronic reproduction.
|b Ann Arbor, Mich. :
|c UMI,
|d 1999-
|f (Early English books online)
|n Digital version of: (Early English books; Tract supplement ; E7:1[37])
|7 s1999 miun s
|
| 610 |
2 |
0 |
|a Royal Hospital for Seamen at Greenwich
|v Early works to 1800.
|
| 651 |
|
0 |
|a London (England)
|x History
|y 17th century
|v Early works to 1800.
|
| 830 |
|
0 |
|a Early English books online.
|
| 856 |
4 |
0 |
|u http://proxy.library.tamu.edu/login?url=https://search.proquest.com/docview/2248544819
|z Connect to the full text of this electronic book
|t 0
|
| 999 |
f |
f |
|s ef8dd118-99ea-3c0e-8dfc-1fefa838d94b
|i 7925a22c-7e34-3847-9038-cb067631bab5
|t 0
|
| 952 |
f |
f |
|a Texas A&M University
|b College Station
|c Electronic Resources
|d Available Online
|t 0
|h No information provided
|
| 998 |
f |
f |
|t 0
|l Available Online
|